Score 0/40 Timer 03:00
5 Plays Today
A A or B % Correct
Actor
Owen Wilson
???
96.6%
Comic actor
Tracy Morgan
???
93%
Actor
Lloyd Christopher
???
92.6%
Singer
Macy Gray
???
92.3%
Director
Scott Ridley
???
89%
Author
Lee Harper
???
88.7%
Tennis player
Austin Tracy
???
86.3%
Talk show host
Graham Norton
???
85.1%
Rapper
Jean Wyclef
???
83.4%
Comedian
Gottfried Gilbert
???
80.5%
Documentarian
Spurlock Morgan
???
79.1%
Novelist
Henry James
???
78.1%
Actress
Meester Leighton
???
78%
Bandleader
Nelson Riddle
???
77.7%
Supreme Court justice
Marshall Thurgood
???
77.1%
Composer
Victor Herbert
???
77%
Fashion guru
Kressley Carson
???
76.8%
Comic actor
Morris Garrett
???
75.8%
Actress
Lamarr Hedy
???
75.7%
Author
Irving Washington
???
75.4%
A A or B % Correct
Media magnate
Redstone Sumner
???
73.4%
Actor
Stewart Granger
???
72.4%
Director
Lester Richard
???
71.1%
Actress
Theda Bara
???
70.7%
Actress
Mia Sara
???
70.6%
Star Trek actress
Majel Barrett
???
67.4%
Baseball player
George Brett
???
65.7%
Actor
Mackenzie Astin
???
65.1%
Actor
Harvey Laurence
???
64.1%
Oprah's partner
Stedman Graham
???
63.4%
Actress
Shannon Elizabeth
???
60.7%
Actress
Brewster Paget
???
60.5%
Mountaineer
Tenzing Norgay
???
58.3%
Restaurateur
Toots Shor
???
55.6%
Fashion guru
Clinton Kelly
???
54.4%
Actor
Sands Stark
???
52.4%
Author
Tagore Rabindranath
???
48.4%
Political hostess
Perle Mesta
???
46%
Comic author
Max Tucker
???
29.5%
Actress
Brittany Morgan
???
24.2%

You're not logged in!

Compare scores with friends on all Sporcle quizzes.
OR
Log In

Sporcle TV

Today on Sporcle TV


Watch our educational content, quiz creation guides, and fun videos on Sporcle TV.

Show Comments

Extras

Top Quizzes Today


Score Distribution

Your Account Isn't Verified!

In order to create a playlist on Sporcle, you need to verify the email address you used during registration. Go to your Sporcle Settings to finish the process.

Report this User

Report this user for behavior that violates our Community Guidelines.

Details: